=LDR 00000nam 2200000 4500 =001 NUTBA000000000002347 =005 20240621030822 =035 ##$$a 0010-061400000000290 =008 240621################c##########0#ind## =040 ##$$a NBPDMAT =082 ##$$a 028.5 =090 ##$$a 028.5 $b Ari k =100 ##$$a Ariyani =245 1#$$a Kayu manis /$c Ariyani ; editor, Ananda Reyhan Pratama =260 ##$$a Jakarta :$b Amalia,$c 2013 =300 ##$$a 49 hlm. : $b ilus. ; $c 25 cm. =500 ##$$a Bibliografi : hlm. 44 =650 #4$$a Tumbuhan =850 ##$$a NBPDMAT =084 ##$$a 028.5 ARI k =250 ##$$a cet. I =990 ##$$a 21402502 =990 ##$$a 21402503 =990 ##$$a 21402504 =990 ##$$a 21402505 =990 ##$$a 21402506 =990 ##$$a 21402502 =990 ##$$a 21402503 =990 ##$$a 21402504 =990 ##$$a 21402505 =990 ##$$a 21402506